2020 Hit Songs - Statistics

General Stats
  • This quiz has been taken 1,003 times
  • The average score is 7 of 18
Answer Stats
Song Artist % Correct
Blinding Lights The Weeknd
96%
Say So Doja Cat
87%
Adore You Harry Styles
68%
Physical Dua Lipa
61%
The Box Roddy Rich
60%
Intentions Justin Bieber
50%
Savage Megan Thee Stallion
48%
No Time To Die Billie Eilish
47%
My Oh My Camila Cabello
43%
Rare Selena Gomez
29%
BOP DaBaby
25%
Stupid Love Lady Gaga
25%
You Should Be Sad Halsey
23%
Supalonely BENEE
22%
Sunday Best Surfaces
17%
I Love Me Demi Lovato
13%
Roses Saint John
11%
Skechers DripReport
10%
No matching quizzes found
Score Distribution
Percent of People with Each Score
Percentile by Number Answered
Your Score History
You have not taken this quiz